00507nam a2200193 a 4500001001300000003000900013005001700022008004100039020002300080082001300103100001500116245003100131260003700162300000900199500003500208505002400243650003100267700001500298nice12345678IN_TiNIC20260116014223.0050524s2005 dela grp 000 0 eng  a8183249 c69500a274bSAJ aSaji, Tina aChristian Social Reformers aDelhibMittal Publication c2005 a332p aincludes index and biblioraphy2 aBibliography, Index aReformation-Church History1 aSaji, Tina